Németország és Oroszország bilaterális gazdasági kapcsolata a 21. században

Bibliographic Details
Main Author: Bognár Fanni
Other Authors: Antalóczy Dr. Katalin
Format: Thesis
Kulcsszavak:Oroszország
Németország
Gazdaság
Bilaterális kapcsolatok
Online Access:http://dolgozattar.uni-bge.hu/13865

MARC

LEADER 00000nta a2200000 i 4500
001 dolg13865
005 20180320125058.0
008 171211suuuu hu om 000 hun d
040 |a BGE Dolgozattár Repozitórium  |b hun 
041 |a hu 
100 1 |a Bognár Fanni 
245 1 0 |a Németország és Oroszország bilaterális gazdasági kapcsolata a 21. században  |c Bognár Fanni  |h [elektronikus dokumentum] 
695 |a Oroszország 
695 |a Németország 
695 |a Gazdaság 
695 |a Bilaterális kapcsolatok 
700 1 |a Antalóczy Dr. Katalin  |e ths 
856 4 0 |u http://dolgozattar.uni-bge.hu/13865/1/N%C3%A9metorsz%C3%A1g%20%C3%A9s%20Oroszorsz%C3%A1g%20bilater%C3%A1lis%20gazdas%C3%A1gi%20kapcsolata%20a%2021.%20sz%C3%A1zadban.pdf  |z Dokumentum-elérés